000 00476nam a2200181Ia 4500
001 16540
005 20260306170317.0
008 260306t2017||||xx |||||||||||||| ||und||
041 _aESP
082 _a348.6
_bV19A
100 _aValderrama Valderrama, Luis Ricardo
_eAUT
245 0 _aGuía laboral:
_bpreguntas y respuestas claves para el contador
260 _c2017
300 _a222 páginas :
_c24 cm.
650 _aGEN
654 _aCDE
942 _cLIB
_dJUS
_fJUS
_2ddc
_n
999 _c16540
_d16540